Corporate Accounting (Record no. 32089)

MARC details
000 -LEADER
fixed length control field 00686nam a22002177a 4500
010 ## - LCCN (DPL NO)
LC control number B-365410 ENG-123141
020 ## - INTERNATIONAL STANDARD BOOK NUMBER
International Standard Book Number 9788174467515
Terms of availability 210-00
035 ## - SYSTEM CONTROL NUMBER
System control number B-365410
035 ## - SYSTEM CONTROL NUMBER
System control number EN-106673
037 ## - SOURCE OF ACQUISITION
Stock number UBH
Source of stock number/acquisition RP/CL/E;21/91/21-11-09/25-11-09/27-11-09
037 ## - SOURCE OF ACQUISITION
Source of stock number/acquisition DBAD/PUB
082 ## - DEWEY DECIMAL CLASSIFICATION NUMBER
Classification number 657.0519
100 ## - MAIN ENTRY--PERSONAL NAME
Personal name Goyal,V.K
245 ## - TITLE STATEMENT
Title Corporate Accounting
Statement of responsibility, etc by V.K.Goyal
250 ## - EDITION STATEMENT
Edition statement 2nded
260 ## - PUBLICATION, DISTRIBUTION, ETC. (IMPRINT)
Place of publication, distribution, etc New Delhi
Name of publisher, distributor, etc Excel Books
Date of publication, distribution, etc 2009
-- 2010(repr)
270 ## - ADDRESS
Address A-45 Naraina Phase I
City New Delhi
Postal code 110028
300 ## - PHYSICAL DESCRIPTION
Extent xv,409pgs
Dimensions 22cm
942 ## - ADDED ENTRY ELEMENTS (KOHA)
Source of classification or shelving scheme Dewey Decimal Classification
Item type English Books
Classification part 657.0519
Call number suffix GOY
Holdings
Withdrawn status Lost status Not for loan Home library Current library Date acquired Source of acquisition Cost, normal purchase price Full call number Barcode Cost, replacement price Koha item type Collection code Copy number
      Central Library Central Library 28/11/2009 RP/CL 0.00 657.0519 GOY B-365410 210.00 English Books    
      Shahdara Branch Shahdara Branch 04/06/2018 DBAD/PUB 210.00 657.0519 GOY EN-106673 210.00 English Books Non-fiction 1

© Delhi Public Library
Hit Counter
free hit counter